Nenne die zehn größten Airlines der Welt - Statistiken

Allgemein
  • Dieses Quiz wurde 529 mal gespielt
  • Das Durchschnittsergebnis liegt bei 4 aus 10
Antwortstatistiken
Tägliche
Starts
Veränderung
2019 zu 2020
Airline % Korrekt
513 -65% Lufthansa
95%
457 -57% Air France
48%
951 -59% Ryanair
48%
320 -65% British Airways
47%
341 -51% KLM
40%
626 -53% Turkish Airlines
28%
547 -67% Easyjet
28%
332 -59% SAS
10%
312 -47% Wizz Air
9%
261 -45% Pegasus
2%
Keine übereinstimmenden Quizze gefunden
Verteilung der Resultate
Anzahl Personen mit jedem Resultat
Perzentil nach korrekt beantworteten Fragen
Ihre Resultats-Entwicklung
Sie haben dieses Quiz noch nicht gespielt